|
|
|
|
| LEADER |
00000cam a2200000 7i4500 |
| 001 |
0000000413 |
| 005 |
20000810.0 |
| 020 |
0 |
0 |
|a 8639902798
|
| 090 |
0 |
0 |
|a R585
|b VID 1991
|
| 100 |
1 |
0 |
|a VIDAKOVI'C
|h Mirko
|
| 245 |
1 |
0 |
|a Conifers, morphology and variation
|c Mirko Vidakovi'c; translated by Maja Soljan
|
| 260 |
0 |
0 |
|a Zagreb :
|b Graficki zavod Hrvatske ,
|c 1991
|
| 300 |
|
|
|a 754 p. :
|b ill. (some col.), maps ;
|c 25 cm.
|
| 500 |
0 |
0 |
|a Bibliography: (p. 703-707) and indexes
|
| 650 |
0 |
0 |
|a Conifer
|
| 650 |
0 |
0 |
|a Conifers
|x Classification
|
| 650 |
0 |
0 |
|a Conifers
|x Idenitfication
|
| 700 |
0 |
1 |
|a Soljan
|h Maja
|
| 999 |
|
|
|a 0000001574
|b Monograph
|c Reference
|e Default branch
|